000 04335nam a22006735i 4500
001 978-3-319-57135-5
003 DE-He213
005 20210118124013.0
007 cr nn 008mamaa
008 170422s2017 gw | s |||| 0|eng d
020 _a9783319571355
_9978-3-319-57135-5
024 7 _a10.1007/978-3-319-57135-5
_2doi
050 4 _aQA76.9.D343
072 7 _aUNF
_2bicssc
072 7 _aCOM021030
_2bisacsh
072 7 _aUNF
_2thema
072 7 _aUYQE
_2thema
082 0 4 _a006.312
_223
245 1 0 _aData Analytics and Management in Data Intensive Domains
_h[electronic resource] :
_bXVIII International Conference, DAMDID/RCDL 2016, Ershovo, Moscow, Russia, October 11 -14, 2016, Revised Selected Papers /
_cedited by Leonid Kalinichenko, Sergei O. Kuznetsov, Yannis Manolopoulos.
250 _a1st ed. 2017.
264 1 _aCham :
_bSpringer International Publishing :
_bImprint: Springer,
_c2017.
300 _aXII, 281 p. 64 illus.
_bonline resource.
336 _atext
_btxt
_2rdacontent
337 _acomputer
_bc
_2rdamedia
338 _aonline resource
_bcr
_2rdacarrier
347 _atext file
_bPDF
_2rda
490 1 _aCommunications in Computer and Information Science,
_x1865-0929 ;
_v706
505 0 _aSemantic modeling in data intensive domains -- Knowledge and learning management -- Text mining -- Data infrastructures in astrophysics -- Data analysis -- Research infrastructures -- Position paper.
520 _aThis book constitutes the refereed proceedings of the 28th International Conference on Data Analytics and Management in Data Intensive Domains, DAMDID/RCDL 2016, held in Ershovo, Moscow, Russia, in October 2016. The 16 revised full papers presented together with one invited talk and two keynote papers were carefully reviewed and selected from 57 submissions. The papers are organized in topical sections on semantic modeling in data intensive domains; knowledge and learning management; text mining; data infrastructures in astrophysics; data analysis; research infrastructures; position paper. .
650 0 _aData mining.
650 0 _aUser interfaces (Computer systems).
650 0 _aNatural language processing (Computer science).
650 0 _aSoftware engineering.
650 0 _aArtificial intelligence.
650 1 4 _aData Mining and Knowledge Discovery.
_0http://scigraph.springernature.com/things/product-market-codes/I18030
650 2 4 _aUser Interfaces and Human Computer Interaction.
_0http://scigraph.springernature.com/things/product-market-codes/I18067
650 2 4 _aNatural Language Processing (NLP).
_0http://scigraph.springernature.com/things/product-market-codes/I21040
650 2 4 _aSoftware Engineering.
_0http://scigraph.springernature.com/things/product-market-codes/I14029
650 2 4 _aNatural Language Processing (NLP).
_0http://scigraph.springernature.com/things/product-market-codes/I21040
650 2 4 _aArtificial Intelligence.
_0http://scigraph.springernature.com/things/product-market-codes/I21000
700 1 _aKalinichenko, Leonid.
_eeditor.
_4edt
_4http://id.loc.gov/vocabulary/relators/edt
700 1 _aKuznetsov, Sergei O.
_eeditor.
_0(orcid)0000-0003-3284-9001
_1https://orcid.org/0000-0003-3284-9001
_4edt
_4http://id.loc.gov/vocabulary/relators/edt
700 1 _aManolopoulos, Yannis.
_eeditor.
_4edt
_4http://id.loc.gov/vocabulary/relators/edt
710 2 _aSpringerLink (Online service)
773 0 _tSpringer eBooks
776 0 8 _iPrinted edition:
_z9783319571348
776 0 8 _iPrinted edition:
_z9783319571362
830 0 _aCommunications in Computer and Information Science,
_x1865-0929 ;
_v706
856 4 0 _uhttps://doi.org/10.1007/978-3-319-57135-5
912 _aZDB-2-SCS
999 _c446349
_d446349
942 _cEB
506 _aAvailable to subscribing member institutions only. Доступно лише організаціям членам підписки.
506 _fOnline access from local network of NaUOA.
506 _fOnline access with authorization at https://link.springer.com/
506 _fОнлайн-доступ з локальної мережі НаУОА.
506 _fОнлайн доступ з авторизацією на https://link.springer.com/